Paroles - J'en déduis que je t'aime - Charles Aznavour - Statistiques

Statistiques générales
  • Ce quiz a été pris 13 fois
  • Le résultat moyen est 189 sur 223
Statistiques - réponses
Answers % Correct
à
100%
cœur
100%
de
100%
De
100%
déduis
100%
en
100%
En
100%
Et
100%
et
100%
je
100%
J'en
100%
la
100%
le
100%
mon
100%
Mon
100%
100%
Par
100%
Pour
100%
pour
100%
que
100%
Que
100%
t'aime
100%
te
100%
toi
100%
tu
100%
Tu
100%
un
100%
20
86%
amour
86%
ans
86%
corps
86%
dans
86%
début
86%
doute
86%
être
86%
fin
86%
froid
86%
idole
86%
les
86%
l'idée
86%
ma
86%
me
86%
mes
86%
moi
86%
ne
86%
penser
86%
perdre
86%
peur
86%
plus
86%
Pourrait
86%
prends
86%
qu'à
86%
Qui
86%
qui
86%
réalise
86%
rêves
86%
temps
86%
ton
86%
voir
86%
ce
71%
contradiction
71%
dire
71%
espace
71%
Est
71%
folie
71%
guette
71%
insensé
71%
joues
71%
jour
71%
Lorsque
71%
m'effleure
71%
monde
71%
noir
71%
Quand
71%
réduit
71%
règnes
71%
sans
71%
t'aperçois
71%
tête
71%
ces
57%
d'amour
57%
défendu
57%
désiré
57%
désolation
57%
glace
57%
grouille
57%
indifférence
57%
l'angoisse
57%
mots
57%
nuits
57%
perdus
57%
Puisque
57%
restent
57%
s'affole
57%
sang
57%
se
57%
sommeil
57%
tend
57%
tes
57%
tous
57%
espérer
43%
éventrées
43%
fais
43%
font
43%
joies
43%
jours
43%
lointains
43%
mal
43%
malgré
43%
meilleurs
43%
m'étreint
43%
parfois
43%
quelques
43%
Qu'en
43%
regards
43%
souffrance
43%
souvent
43%
suffisent
43%
coupé
29%
souffle
29%
Aucun quiz correspondant
Distribution des résultats
% des personnes avec chaque résultat
Percentile par nombre de réponses
Votre historique - résultats
Vous n’avez pas pris ce quiz